| Record ID | ia:coolstuffthingst00trai |
| Source | Internet Archive |
| Download MARC XML | https://archive.org/download/coolstuffthingst00trai/coolstuffthingst00trai_marc.xml |
| Download MARC binary | https://www.archive.org/download/coolstuffthingst00trai/coolstuffthingst00trai_meta.mrc |
LEADER: 00857cam a22002654a 4500
001 00024090
003 DLC
005 20070514074715.0
008 000414s2001 caua c 000 0 eng
010 $a 00024090
020 $a0811829456 (pbk.)
040 $aDLC$cDLC$dDLC
042 $apcc$alcac
050 00 $aTT171$b.T73 2001
082 00 $a745.5$221
100 1 $aTraig, Jennifer.
245 10 $aCool stuff :$bthings to make and do /$cby Jennifer Traig and Julianne Balmain.
260 $aSan Francisco :$bChronicle Books,$cc2001.
300 $a119 p. :$bcol. ill. ;$c17 cm.
490 1 $aCrafty girl
650 0 $aHandicraft for girls$vJuvenile literature.
650 1 $aHandicraft.
700 1 $aBalmain, Julianne.
800 1 $aTraig, Jennifer.$tCrafty girl.
856 42 $3Publisher description$uhttp://www.loc.gov/catdir/enhancements/fy0722/00024090-d.html